| 000 | 01208nam a22001577a 4500 | ||
|---|---|---|---|
| 008 | 120613t xxu||||| |||| 00| 0 eng d | ||
| 020 | _a998807089 | ||
| 050 | _aHF5657.4.G99 | ||
| 100 | _aGyasi, Kwame | ||
| 245 |
_aManagement accounting: the invaluable guide to the trainee management accountant. / _cKwame Gyasi. |
||
| 260 |
_aAccra: _bE.P.P.: _cc2005. |
||
| 300 |
_axxi, 526 p.: _bill.; _c23cm. |
||
| 505 | _aContents: Introduction -- The Accounting system -- The Cost concepts -- The Income statement presentation -- Standard costing -- Review questions and answers - introduction -- Planning -- The Nature of budgeting -- The Master budget -- Flexible budgets -- Zero-based budgeting -- Capital budgeting -- Review questions and answers - planning -- Control -- The Accounting control system -- Variance analysis I -- Variance analysis II -- Responsiblity accounting and performance evaluation -- Review questions and answers - control -- Decision-making -- Breaking-even analysis and cost-volume-profit relationship -- Learning curve and transfer pricing -- Relevant cost and contribution margin -- Review questions and answers - decision-making. | ||
| 650 | _bManagement accounting. | ||
| 942 |
_2lcc _cBK |
||
| 999 |
_c1302 _d8802 |
||